000 00687nam a2200253Ia 4500
003 OSt
005 20220918204633.0
006 a|||||r|||| 00| 0
007 ta
008 220917b |||||||| |||| 00| 0 eng d
024 _a113,591
037 _cTextual
040 _aARTS
_cARTS
_beng
041 _2eng
_aeng
082 _aV5:1:N14<-M15aN5, J7
100 _aBullock Alan ed
_9112662
245 0 _aSelect list of books on Euroipean history 1815-1914
250 _a2nd
260 _c1957
650 _aHISTORY
700 _a Taylor A J P ed
_94955
942 _hV5:1:N14<-M15aN5, J7
_cTEXL
_2CC
999 _c236922
_d236922